LEADER 01412nam a2200301 i 4500 001 000000136756 003 CaOOAMICUS 005 20251001123821.0 008 050331s1974 it a u000 u ita u 040 $aSeMil$bita 100 1 $aBorges, Jorge Luis,$d<1899-1986>.$0(OLS)http://semarc/name/6250 240 13$aEl congreso.$0(OLS)http://semarc/title/455952 245 13$aIl congresso del mondo :$billustrato con le miniature cosmologiche Tantra /$ctesto di Jorge Luis Borges ; introduzione di Raniero Gnoli. 260 $aParma :$bFranco Maria Ricci,$c1974. 300 $a141 p., [44] tav. :$bill. ;$c36 cm. 490 0 $aI segni dell'uomo ;$v14 500 $aTraduzione di Gianni Guadalupi 650 4$aCosmologia - Oriente antico.$0(OLS)http://semarc/subject/58618 700 1 $aGuadalupi, Gianni,$d<1943-2007>.$0(OLS)http://semarc/name/49537 700 1 $aGnoli, Raniero,$d<1930-2025>.$0(OLS)http://semarc/name/40508 830 2$aI segni dell'uomo ;$v14.$0(OLS)http://semarc/title/13369 850 $aSeMil 852 $aSeMil$W1$xVenegono$y1$m2.SOVR III 21$j262601$B90341$CSeMilBibl$Z2$F95582 $81 941 1 $a4 961 $aOmaggio: Martini Card. Carlo Maria 996 $6245$aIl congresso del mondo :$billustrato con le miniature cosmologiche Tantra$9(OLS)http://semarc/title/199823 996 $6260$aParma :$bFranco Maria Ricci$9(OLS)http://semarc/publisher/32752 LEADER 00808nam a2200181 i 4500 001 000000254534 003 CaOOAMICUS 005 20170608000000.0 008 170608s1823 it u000 u ita u 013 $a233439 026 $azadi V-si tia- suEc (7) 1823 (R) 040 $aSeMil$bita 245 10$aVol. 2. 300 $a359, [1] p. 773 0 $aMillot, Claude François Xavier <1726-1785>$tCorso di storia generale antica e moderna opera scritta nell'idioma francese dall'abate Millot continuata dal professore Millon e recata in italiano con note ed aggiunte. Storia antica. Volume 1. [-9.].$dMilano : Per Nicolò Bettoni, 1823-1824.$g2$w()4250 850 $aSeMil 852 $aSeMil$W1$xVenegono$y1$m3V VII 109 FA$j204880$B204880$CSeMilBibl$Z2$F218405 $8I 996 $6245$aVol. 2$9(OLS)http://semarc/title/13458 LEADER 01135nam a2200289 i 4500 001 000000111524 003 CaOOAMICUS 005 20041129000000.0 008 041129s2004 it u000 u ita u 013 $a84206 020 $a88-8353-281-3 040 $aSeMil$bita 100 1 $aBackès-Clément, Catherine.$0(OLS)http://semarc/name/39779 240 10$aClaude Lévi-Strauss.$0(OLS)http://semarc/title/162358 245 10$aLévi-Strauss /$cCatherine Clément. 260 $aRoma :$bMeltemi,$ccopyr. 2004. 300 $a143 p. ;$c19 cm. 490 0 $aMeltemi.edu ;$v2 500 $aContiene : Bibliografia delle opere di Claude Lévi-Strauss. 600 14$aLévi-Strauss, Claude.$0(OLS)http://semarc/subject/7224 830 0$aMeltemi.edu ;$v2.$0(OLS)http://semarc/title/16301 850 $aSeMil 852 $aSeMil$W1$xVenegono$y1$m178 5 2 *$j67351$B67351$CSeMilBibl$Z2$F87703 $81 961 $aAcquisto: Àncora (Libreria) 996 $6020$a88-8353-281-3$9(OLS)http://semarc/number/93742 996 $6245$aLévi-Strauss$9(OLS)http://semarc/title/162357 996 $6260$aRoma :$bMeltemi$9(OLS)http://semarc/publisher/31774